000 00480nam a2200157Ia 4500
008 210716s2011 xx 000 0 und d
020 _a9788126532193
041 _aeng
082 _a004.6005 POUI
100 _aPouncey, Ian; York, Richard.
245 _aBegining CSS: cascading style sheets for web design.
_bCascading style sheets for web design.
250 _a3
260 _aNew Delhi
_bWiley India Pvt Ltd
_c2011
300 _axxx,432
650 _aWeb Design & Development
999 _c191904
_d191904